01139nam a2200277Ia 4500001001200000003000800012006001900020007001500039008004100054020001800095020001800113040002100131035002100152050002700173245013200200260006500332300002200397504005100419533015200470650003300622650001400655650002000669655002900689710001700718856012600735ebr10372265CaPaEBRm u cr cn|||||||||100226s2009 enka sb 001 0 eng d z9781847353795 z9781847353788 aCaPaEBRcCaPaEBR a(OCoLC)61021412614aTD885.5.N5bI58 2009eb00aInteraction of polymers with polluted atmosphere nitogen oxidesh[electronic resource] /cauthors, Gennady Zaikov ... [et al.]. aShawbury, Shrewsbury, Shropshire, U.K. :biSmithers,cc2009. ax, 266 p. :bill. aIncludes bibliographical references and index. aElectronic reproduction.bPalo Alto, Calif. :cebrary,d2010.nAvailable via World Wide Web.nAccess may be limited to ebrary affiliated libraries. 0aAtmospheric nitrogen oxides. 0aPolymers. 0aAirxPollution. 7aElectronic books.2local2 aebrary, Inc.40uhttp://site.ebrary.com/lib/rucke/Doc?id=10372265zAn electronic book accessible through the World Wide Web; click to view